000 00797nam a2200229Ii 4500
003 JO-AjNU
008 230605s9999||||xx |||||||||||||| ||und||
017 _a2009/7/3347
020 _a9957-16-130-9
040 _aJO-AjNU
_bara
_erda
_cJO-AjNU
041 _aara
050 1 4 _aK7690.M39.2010
100 3 _a المواجدة ، مراد محمود ,
_eauthor
_912138
245 0 0 _aالتحكيم في عقود الدولة ذات الطابع الدولي " دراسة مقارنة "
250 _aط1
264 3 1 _aعمان : دار الثقافة ،2010
300 _a302ص
336 _atext
_btxt
_2rdacontent
337 _aunmediated
_bn
_2rdamedia
338 _avolume
_bnc
_2rdacarrier
650 4 _aالتحكيم -- القانون الدولي -- العقود الحكومية
_912139
999 _aA2686
_c6254
_d6254